[Event "Pereira Fiestas de la Cosecha op"]
[Site "Pereira"]
[Date "2023.08.24"]
[Round "1"]
[White "Mendez Rodriguez, Andres David"]
[Black "Garzon Camelo, Andres Santiago"]
[Result "0-1"]
[WhiteElo "1556"]
[BlackElo "2177"]
[PlyCount "36"]
[EventDate "2023.08.24"]
[EventType "swiss"]
[EventRounds "7"]
[EventCountry "COL"]
[SourceTitle "EXT 2024"]
[Source "ChessBase"]
[SourceDate "2023.10.10"]
[SourceVersion "1"]
[SourceVersionDate "2023.10.10"]
[SourceQuality "1"]

1. d4 Nf6 2. Bf4 e6 3. e3 d5 4. Nf3 Bd6 5. Bg3 0-0 6. Nbd2 c5 7. c3 Nc6 8. Bd3 h6 9. Qe2 Re8 10. Ne5 Qc7 11. f4 Ne7 12. Bh4 Nf5 13. Bxf5 exf5 14. Bxf6 gxf6 15. Qb5 Re6 16. Qb3 c4 17. Nexc4 dxc4 18. Nxc4 Bxf4 0-1

[Event "Medellin Easter op 10th"]
[Site "Medellin"]
[Date "2022.04.16"]
[Round "6"]
[White "Mendez Rodriguez, Andres David"]
[Black "Iral Castro, Brahiam"]
[Result "0-1"]
[WhiteElo "1560"]
[BlackElo "1843"]
[PlyCount "134"]
[EventDate "2022.04.13"]
[EventType "swiss"]
[EventRounds "8"]
[EventCountry "COL"]
[SourceTitle "CBM 207 Extra"]
[Source "ChessBase"]
[SourceDate "2022.05.31"]
[SourceVersion "1"]
[SourceVersionDate "2022.05.31"]
[SourceQuality "1"]

1. d4 d5 2. Nf3 e6 3. e3 Bd6 4. Bd3 Nd7 5. Nbd2 Ngf6 6. 0-0 e5 7. e4 0-0 8. Re1 Re8 9. dxe5 Nxe5 10. Nxe5 Bxe5 11. exd5 Qxd5 12. Nc4 Bg4 13. Qd2 Bf4 14. Rxe8+ Rxe8 15. Qc3 Ne4 16. Qe1 Nd6 17. Ne3 Qe5 18. g3 Bh6 19. Qc3 Qxc3 20. bxc3 Bf3 21. Kf1 Ne4 22. c4 g6 23. Rb1 Bg7 24. Rb3 Nc5 25. Ra3 a6 26. Nd5 c6 27. Nf4 Bg4 28. Be3 Bf8 29. Bxc5 Bxc5 30. Rb3 Re7 31. Rb1 g5 32. Ne2 Bf3 33. Ng1 Bg4 34. Re1 Be6 35. Re2 b5 36. cxb5 axb5 37. Nf3 f6 38. Nd2 Bxa2 39. Ne4 Ba3 40. Nxf6+ Kf7 41. Rxe7+ Bxe7 42. Ng4 Kg7 43. Ne5 Bd5 44. c4 bxc4 45. Nxc4 h5 46. Ne3 Ba2 47. Nf5+ Kf6 48. Nxe7 Kxe7 49. Bg6 Bf7 50. Bc2 Kf6 51. Ke2 c5 52. Ke3 Ke5 53. Bd1 Kd5 54. f4 gxf4+ 55. Kxf4 Kd4 56. g4 hxg4 57. Kxg4 c4 58. Bc2 Be6+ 59. Kf4 Kc3 60. Bg6 Kd2 61. h4 c3 62. h5 Bf7 63. Kg5 Bxg6 64. hxg6 c2 65. g7 c1Q 66. Kf6 Qc4 67. Ke7 Qg8 0-1

[Event "COL-ch Deaf 5th"]
[Site "Cartagena"]
[Date "2019.12.04"]
[Round "4.1"]
[White "Mendez Rodriguez, Andres David"]
[Black "Mesa, Francisco Alonso Jr"]
[Result "1/2-1/2"]
[WhiteElo "1580"]
[BlackElo "1829"]
[PlyCount "43"]
[EventDate "2019.12.03"]
[EventType "swiss"]
[EventRounds "7"]
[EventCountry "COL"]
[SourceTitle "EXT 2024"]
[Source "ChessBase"]
[SourceDate "2023.10.10"]
[SourceVersion "1"]
[SourceVersionDate "2023.10.10"]
[SourceQuality "1"]

1. d4 d5 2. Bf4 Nf6 3. e3 e6 4. Nf3 Bd6 5. Bg3 c5 6. c3 Qc7 7. Nbd2 Nbd7 8. Bb5 0-0 9. Bxd7 Nxd7 10. Bxd6 Qxd6 11. e4 dxe4 12. Nxe4 Qd5 13. Nxc5 Nxc5 14. dxc5 Qxc5 15. 0-0 b6 16. Qe2 Bb7 17. Rfd1 Rad8 18. Rxd8 Rxd8 19. Rd1 Rxd1+ 20. Qxd1 Qd5 21. Qxd5 Bxd5 22. Nd2 1/2-1/2

[Event "Gachantiva op 9th"]
[Site "Gachantiva"]
[Date "2019.06.24"]
[Round "6"]
[White "Mendez Rodriguez, Andres David"]
[Black "Silva Albarracin, Waldomiro"]
[Result "1/2-1/2"]
[WhiteElo "1480"]
[BlackElo "1640"]
[PlyCount "79"]
[EventDate "2019.06.21"]
[EventType "swiss"]
[EventRounds "7"]
[EventCountry "COL"]
[SourceTitle "CBM 191 Extra"]
[Source "ChessBase"]
[SourceDate "2019.09.30"]
[SourceVersion "1"]
[SourceVersionDate "2019.09.30"]
[SourceQuality "1"]

1. d4 d5 2. Bf4 Nf6 3. e3 e6 4. Nf3 c5 5. c3 Nc6 6. Nbd2 Nh5 7. Bg5 Be7 8. Bxe7 Qxe7 9. Ne5 Nxe5 10. dxe5 g6 11. e4 0-0 12. Be2 Nf4 13. 0-0 Qg5 14. Bf3 Qxe5 15. exd5 exd5 16. Re1 Qg5 17. Nb3 Bh3 18. g3 c4 19. Nd4 Nd3 20. Re2 Rfe8 21. Qd2 Qxd2 22. Rxd2 Rad8 23. b3 Re7 24. bxc4 dxc4 25. Rb1 Rde8 26. Re2 b6 27. Rxe7 Rxe7 28. Bd5 Be6 29. Bxe6 fxe6 30. f4 h6 31. Kg2 g5 32. fxg5 hxg5 33. Kf3 Kh7 34. Ke2 e5 35. Nb5 Rf7 36. Rf1 Rxf1 37. Kxf1 a6 38. Nd6 b5 39. a4 bxa4 40. Nxc4 1/2-1/2

[Event "Gachantiva op 9th"]
[Site "Gachantiva"]
[Date "2019.06.24"]
[Round "7"]
[White "Vargas, Diana Paola"]
[Black "Mendez Rodriguez, Andres David"]
[Result "0-1"]
[WhiteElo "1693"]
[BlackElo "1480"]
[PlyCount "52"]
[EventDate "2019.06.21"]
[EventType "swiss"]
[EventRounds "7"]
[EventCountry "COL"]
[SourceTitle "CBM 191 Extra"]
[Source "ChessBase"]
[SourceDate "2019.09.30"]
[SourceVersion "1"]
[SourceVersionDate "2019.09.30"]
[SourceQuality "1"]

1. e4 e6 2. d4 d5 3. Nc3 Nf6 4. Bg5 Be7 5. e5 Nfd7 6. Bxe7 Qxe7 7. f4 a6 8. Qg4 0-0 9. Nf3 c5 10. Qh3 Nc6 11. Rd1 cxd4 12. Nxd4 Nxd4 13. Rxd4 f6 14. Bd3 f5 15. g4 Nc5 16. gxf5 Nxd3+ 17. Rxd3 Rxf5 18. Qg3 Bd7 19. Rg1 Raf8 20. Rf3 Qf7 21. Ne2 Bb5 22. Qf2 Bxe2 23. Qxe2 Qc7 24. Qd2 Rc8 25. Rc3 Qd7 26. Rxc8+ Qxc8 0-1

[Event "Bogota Mayores Alcaldia op 8th"]
[Site "Bogota"]
[Date "2018.06.09"]
[Round "2"]
[White "Corredor, Jose"]
[Black "Mendez Rodriguez, Andres David"]
[Result "0-1"]
[WhiteElo "1780"]
[BlackElo "1386"]
[PlyCount "60"]
[EventDate "2018.06.08"]
[EventType "swiss"]
[EventRounds "7"]
[EventCountry "COL"]
[SourceTitle "CBM 184 Extra"]
[Source "ChessBase"]
[SourceDate "2018.06.28"]
[SourceVersion "1"]
[SourceVersionDate "2018.06.28"]
[SourceQuality "1"]

1. d4 Nf6 2. c4 g6 3. Nc3 Bg7 4. Nf3 d6 5. h3 0-0 6. e4 e5 7. d5 a5 8. Be3 Nh5 9. Bd3 h6 10. Qd2 Kh7 11. 0-0-0 a4 12. a3 f5 13. exf5 gxf5 14. g4 Qe7 15. gxf5 Bxf5 16. Ne4 Nf4 17. Bc2 Kh8 18. Rh2 Nd7 19. Rg1 Nb6 20. Bxb6 cxb6 21. c5 bxc5 22. h4 b5 23. Nfg5 b4 24. axb4 cxb4 25. Kb1 a3 26. f3 axb2 27. Kxb2 Qa7 28. Kc1 Qxg1+ 29. Kb2 Qa1+ 30. Kb3 Qa3+ 0-1

[Event "Zipaquira sf3 U16"]
[Site "Zipaquira"]
[Date "2017.03.31"]
[Round "3.8"]
[White "Salazar Zapata, Elian"]
[Black "Mendez Rodriguez, Andres David"]
[Result "1-0"]
[WhiteElo "1511"]
[BlackElo "1377"]
[PlyCount "39"]
[EventDate "2017.03.30"]
[EventType "swiss"]
[EventRounds "6"]
[EventCountry "COL"]
[SourceTitle "EXT 2024"]
[Source "ChessBase"]
[SourceDate "2023.10.10"]
[SourceVersion "1"]
[SourceVersionDate "2023.10.10"]
[SourceQuality "1"]

1. d4 Nf6 2. c4 g6 3. Nc3 Bg7 4. e4 d6 5. f3 0-0 6. Be3 e5 7. Nge2 a6 8. Qd2 Nc6 9. d5 Ne7 10. Bh6 Nd7 11. h4 Nc5 12. h5 Re8 13. Bxg7 Kxg7 14. hxg6 hxg6 15. Qh6+ Kf6 16. Ng3 Ng8 17. Qh4+ Kg7 18. Qh8+ Kf8 19. Rh7 Re7 20. Rg7 1-0

[Event "Medellin sf1 U18"]
[Site "Medellin"]
[Date "2017.02.25"]
[Round "5.4"]
[White "Barrera Hincapie, Felipe"]
[Black "Mendez Rodriguez, Andres David"]
[Result "1-0"]
[WhiteElo "1859"]
[BlackElo "1387"]
[PlyCount "41"]
[EventDate "2017.02.23"]
[EventType "swiss"]
[EventRounds "5"]
[EventCountry "COL"]
[SourceTitle "EXT 2024"]
[Source "ChessBase"]
[SourceDate "2023.10.10"]
[SourceVersion "1"]
[SourceVersionDate "2023.10.10"]
[SourceQuality "1"]

1. d4 Nf6 2. Bg5 e6 3. e4 Be7 4. Nc3 d5 5. e5 Nfd7 6. Bxe7 Qxe7 7. Bd3 a6 8. Nce2 c5 9. c3 Nc6 10. Nf3 cxd4 11. cxd4 0-0 12. h4 f5 13. Rc1 Nb6 14. 0-0 Bd7 15. Nf4 Rfc8 16. Qb3 Qb4 17. Rxc6 Qxb3 18. Rxc8+ Rxc8 19. axb3 Re8 20. Rc1 Bc6 21. Bxa6 1-0

[Event "Medellin sf1 U18"]
[Site "Medellin"]
[Date "2017.02.23"]
[Round "1.4"]
[White "Mendez Rodriguez, Andres David"]
[Black "Toro Castaneda, Elizabeth"]
[Result "0-1"]
[WhiteElo "1387"]
[BlackElo "1876"]
[PlyCount "28"]
[EventDate "2017.02.23"]
[EventType "swiss"]
[EventRounds "5"]
[EventCountry "COL"]
[SourceTitle "EXT 2024"]
[Source "ChessBase"]
[SourceDate "2023.10.10"]
[SourceVersion "1"]
[SourceVersionDate "2023.10.10"]
[SourceQuality "1"]

1. e4 c5 2. Nc3 Nc6 3. g3 g6 4. Bg2 Bg7 5. d3 e6 6. Be3 b6 7. Qd2 Nge7 8. Bh6 0-0 9. h4 f6 10. h5 Rf7 11. Bxg7 Rxg7 12. hxg6 Nxg6 13. Nge2 Bb7 14. 0-0 a6 0-1

[Event "Cota Rregion-ch U15"]
[Site "Cota"]
[Date "2016.11.19"]
[Round "4.9"]
[White "Mendez Rodriguez, Andres David"]
[Black "Mejia Perez, Jose Manuel"]
[Result "0-1"]
[WhiteElo "1425"]
[BlackElo "1301"]
[PlyCount "58"]
[EventDate "2016.11.19"]
[EventType "swiss"]
[EventRounds "5"]
[EventCountry "COL"]
[SourceTitle "EXT 2024"]
[Source "ChessBase"]
[SourceDate "2023.10.10"]
[SourceVersion "1"]
[SourceVersionDate "2023.10.10"]
[SourceQuality "1"]

1. e4 e5 2. Nf3 Nc6 3. Bb5 d6 4. 0-0 Bd7 5. c3 a6 6. Ba4 Nf6 7. Qe2 Be7 8. Rd1 Bg4 9. d4 0-0 10. Bxc6 bxc6 11. dxe5 Nd7 12. exd6 cxd6 13. Bf4 Qb8 14. Nbd2 Qxb2 15. Qc4 Qb5 16. Qxb5 cxb5 17. Re1 f6 18. h3 Bxf3 19. Nxf3 Ne5 20. Nd4 Rfe8 21. Ne6 Rac8 22. Re3 Bd8 23. Nd4 Bb6 24. Rg3 Rxc3 25. Nf5 Rxg3 26. Bxg3 Bc5 27. Rd1 Nf7 28. Bxd6 Nxd6 29. Nxd6 Rd8 0-1